| 000 | 00733nam a2200193 i 4500 | ||
|---|---|---|---|
| 001 | 164324 | ||
| 003 | ES-MaACL | ||
| 005 | 20250905063052.0 | ||
| 008 | 991126s1863 fr ab |||| | fre d | ||
| 040 |
_aM-RAJU _bspa _cM-RAJU _dCCPB | B |
||
| 100 | 1 |
_aVivien de Saint Martin, Louis, _d1802-1897 _9133808 |
|
| 245 | 1 | 3 |
_aLe nord de l'Afrique dans l'Antiquité Grecque et Romaine _b: etude historique et géographique / _cVivien Saint-Martin. |
| 260 |
_aParis : _b[s.n.], _c1863 ( _fImprimerie Impériale) |
||
| 300 |
_aXI, 519 p. : _bmap. ; _c26 cm. |
||
| 651 | 4 |
_aMagreb- _xHistoria- _yHasta 647. _9158883 |
|
| 651 | 4 |
_aMagreb- _xGeografía. _9145598 |
|
| 852 |
_aES-MaACL _jC-802 _z-- Enc. hol. |
||
| 999 |
_c164324 _d164324 |
||